| 000 | 00525nam a22001937a 4500 | ||
|---|---|---|---|
| 001 | 00118 | ||
| 003 | DO-SdBNP | ||
| 005 | 20180301101114.0 | ||
| 007 | 00118 | ||
| 008 | 160322b ru 1975 ||||| |||| 00| 0 spa d | ||
| 040 |
_aBPMSU _bspa _cBPMSU |
||
| 245 | 0 | 0 |
_aTarbado azulado del reves cortado / _cilustraciones V. Millashevski |
| 260 |
_aMoscu : _bProgreso, _c1975 |
||
| 300 |
_a16 p. : _bil., _c28 cm. |
||
| 700 | 1 | 0 |
_aMilashevski, V., _3il. |
| 942 |
_2ddc _cBK |
||
| 945 | _aInventariado, 2018/MFF | ||
| 956 | _aBrenda Tavárez | ||
| 999 |
_c9365 _d9365 |
||